000 00593cam a22002173a 4500
001 43122
003 PGUSA
005 20140828083959.0
008 130707s2013||||xxu|||||s|||||000 | eng d
040 _aPGUSA
_beng
042 _adc
100 1 _aMolesworth,
_cMrs,
_d1839-1921
245 1 0 _aSilverthorns
_h[electronic resource] /
_cMolesworth,
260 _bProject Gutenberg,
_c2013
506 _aPublic domain in the USA.
516 _aElectronic text
700 1 _aNoel-Paton, J.
830 0 _aProject Gutenberg
_v43122
856 4 0 _uhttp://www.gutenberg.org/ebooks/43122
942 _cEB
999 _c272373
_d272373